00381nam a2200145Ia 4500003000400000008004100004040001600045082001700061100001700078245004000095260004600135300001000181650002200191650002200213GCL140319s9999 xx 000 0 eng d aGCL / cGCL04a616.042bT M1 aTRENT, R. J.10aMOLECULAR MEDICINE / cTRENT, R. J. a[S.N] : bCHURCHILL LIVINGSTONE ، c1993 a269 P04aMOLECULAR BIOLOGY04aGENETICS, MEDICAL